Sahitya bichar (Record no. 8873)

MARC details
000 -LEADER
fixed length control field 00458cam a2200193ua 4500
001 - CONTROL NUMBER
control field 9871
005 - DATE AND TIME OF LATEST TRANSACTION
control field 20260515114532.0
008 - FIXED-LENGTH DATA ELEMENTS--GENERAL INFORMATION
fixed length control field 161005n ii |||gr||||Z||||||asm
040 ## - CATALOGING SOURCE
Transcribing agency MAIN
041 ## - LANGUAGE CODE
Language code of text/sound track or separate title asm
082 ## - DEWEY DECIMAL CLASSIFICATION NUMBER
Classification number 891.4514
100 ## - MAIN ENTRY--PERSONAL NAME
Personal name Thakuria, Rammal,
Relator term Author.
245 ## - TITLE STATEMENT
Title Sahitya bichar
Statement of responsibility, etc. By Rammal Thakuria
250 ## - EDITION STATEMENT
Edition statement New ed.
260 ## - PUBLICATION, DISTRIBUTION, ETC.
Place of publication, distribution, etc. Guwahati:
Name of publisher, distributor, etc. Bina library,
Date of publication, distribution, etc. 2014.
300 ## - PHYSICAL DESCRIPTION
Extent 152p.
653 ## - INDEX TERM--UNCONTROLLED
Uncontrolled term Literary criticism
942 ## - ADDED ENTRY ELEMENTS (KOHA)
Koha item type Books
Holdings
Withdrawn status Lost status Damaged status Not for loan Home library Current library Shelving location Date acquired Total checkouts Full call number Barcode Date last seen Date last checked out Copy number Price effective from Koha item type
        Naharkatiya College Library Naharkatiya College Library General stacks 09/19/2020 18 891.4514Assamee literature | THA 23468 09/09/2025 08/02/2023 3 09/19/2020 Books
        Naharkatiya College Library Naharkatiya College Library General stacks 09/19/2020 14 891.4514Assamee literature | THA 23469 09/13/2023 08/24/2023 2 09/19/2020 Books
        Naharkatiya College Library Naharkatiya College Library General stacks 09/19/2020 13 891.4514Assamee literature | THA 23470 11/03/2023 10/17/2023 1 09/19/2020 Books